[Event "Rio de Janeiro op 3rd"]
[Site "Rio de Janeiro"]
[Date "2024.04.26"]
[Round "7"]
[White "Dos Santos, Thiago L Verbicario"]
[Black "Mobaier, Sergio"]
[Result "0-1"]
[WhiteElo "1909"]
[BlackElo "1881"]
[PlyCount "112"]
[EventDate "2024.04.22"]
[EventType "swiss"]
[EventRounds "9"]
[EventCountry "BRA"]
[SourceTitle "CB18_2024"]
[SourceDate "2024.05.01"]
[SourceVersion "1"]
[SourceVersionDate "2024.05.01"]
[SourceQuality "2"]

1. d4 d5 2. c4 dxc4 3. e3 Nf6 4. Bxc4 e6 5. Nf3 a6 6. 0-0 b5 7. Be2 Bb7 8. a4 b4 9. Nbd2 c5 10. Nb3 cxd4 11. exd4 Nbd7 12. Bf4 Be7 13. Rc1 Rc8 14. Rxc8 Bxc8 15. Qc2 Nd5 16. Bg3 Bb7 17. Nc5 Nxc5 18. dxc5 Qa8 19. Rc1 Bc6 20. Qc4 a5 21. Qc2 0-0 22. Bb5 Rc8 23. Qe2 Qa7 24. Nd4 Bxb5 25. Nxb5 Rxc5 26. Rc4 Rxc4 27. Qxc4 Qc5 28. Qxc5 Bxc5 29. Bc7 Nxc7 30. Nxc7 Kf8 31. b3 Ke7 32. Kf1 Kd7 33. Nb5 Kc6 34. Ke2 Bb6 35. f3 Kd5 36. g4 e5 37. h3 f6 38. Kd3 g6 39. Ke2 h6 40. Kd3 f5 41. Ke2 h5 42. gxf5 gxf5 43. Kd3 e4+ 44. fxe4+ fxe4+ 45. Ke2 Ke5 46. Kf1 Bc5 47. Nc7 Kd4 48. Ne6+ Kd5 49. Nf4+ Kd4 50. Ne6+ Kd5 51. Nf4+ Ke5 52. Nxh5 Kd4 53. Nf6 Kd3 54. Nd7 Bd4 55. Nf8 e3 56. Ne6 e2+ 0-1

[Event "Rio de Janeiro op 3rd"]
[Site "Rio de Janeiro"]
[Date "2024.04.24"]
[Round "4"]
[White "Aipperspach, Joao Lizak"]
[Black "Mobaier, Sergio"]
[Result "0-1"]
[WhiteElo "1745"]
[BlackElo "1881"]
[PlyCount "64"]
[EventDate "2024.04.22"]
[EventType "swiss"]
[EventRounds "9"]
[EventCountry "BRA"]
[SourceTitle "CB18_2024"]
[SourceDate "2024.05.01"]
[SourceVersion "1"]
[SourceVersionDate "2024.05.01"]
[SourceQuality "2"]

1. e4 c5 2. c3 Nf6 3. e5 Nd5 4. d4 cxd4 5. cxd4 e6 6. Nf3 d6 7. Bc4 Be7 8. 0-0 Nc6 9. Qe2 Qc7 10. Nc3 Nxc3 11. bxc3 dxe5 12. dxe5 Qa5 13. Bd2 a6 14. Qe4 Bd7 15. Rfe1 Qa4 16. Bxe6 Qxe4 17. Bxd7+ Kxd7 18. Rxe4 Ke6 19. Nd4+ Nxd4 20. cxd4 Rac8 21. Ree1 Rc2 22. Red1 b5 23. Kf1 Rhc8 24. a3 Kd5 25. Bb4 Bxb4 26. axb4 R8c6 27. Ra3 Rb2 28. Rda1 Rcc2 29. Rf3 Rc6 30. g3 Kxd4 31. Rf4+ Kxe5 32. Rxf7 g5 0-1

[Event "Pan American-ch Seniors 50"]
[Site "Florianopolis"]
[Date "2022.06.25"]
[Round "8"]
[White "Mobaier, Sergio"]
[Black "Urquiza, Marcello de Albuque"]
[Result "1/2-1/2"]
[WhiteElo "1806"]
[BlackElo "2028"]
[PlyCount "113"]
[EventDate "2022.06.21"]
[EventType "swiss"]
[EventRounds "9"]
[EventCountry "BRA"]
[SourceTitle "CBM 209 Extra"]
[Source "ChessBase"]
[SourceDate "2022.09.30"]
[SourceVersion "1"]
[SourceVersionDate "2022.09.30"]
[SourceQuality "1"]

1. Nf3 Nf6 2. g3 b5 3. Bg2 Bb7 4. d4 e6 5. 0-0 c5 6. a4 b4 7. c3 a5 8. cxb4 cxb4 9. Nbd2 d6 10. Nc4 Nbd7 11. Bg5 Be7 12. Rc1 0-0 13. Re1 Rc8 14. Nfe5 Bxg2 15. Nxd7 Qxd7 16. Kxg2 Qb7+ 17. Kg1 Qa6 18. Qd3 h6 19. Bd2 Nd5 20. b3 Bf6 21. e3 Rc7 22. Nb2 Qxd3 23. Nxd3 Nc3 24. Bxc3 bxc3 25. Rc2 Rb8 26. Nc1 d5 27. Kf1 Be7 28. Ke2 Ba3 29. Kd3 f6 30. f4 Kf7 31. Rd1 Bb2 32. g4 Rcc8 33. Rf1 Rh8 34. h4 Ke7 35. e4 dxe4+ 36. Kxe4 Rhd8 37. Rd1 Rb4 38. Rd3 Kf7 39. h5 f5+ 40. gxf5 exf5+ 41. Ke3 Re8+ 42. Kf3 Re4 43. Ne2 Rxb3 44. d5 Ke7 45. Ng3 Rxa4 46. Nxf5+ Kf6 47. Ng3 Rbb4 48. Ne2 Ke7 49. Nxc3 Rxf4+ 50. Ke3 Bxc3 51. Rdxc3 Rh4 52. Rc7+ Kd6 53. R2c6+ Kxd5 54. Rc5+ Ke6 55. R5c6+ Kd5 56. Rc5+ Kd6 57. R5c6+ 1/2-1/2

[Event "Pan American-ch Seniors 50"]
[Site "Florianopolis"]
[Date "2022.06.22"]
[Round "3"]
[White "Mobaier, Sergio"]
[Black "Da Silva, Joao Carlos Orguim"]
[Result "1/2-1/2"]
[WhiteElo "1806"]
[BlackElo "1774"]
[PlyCount "110"]
[EventDate "2022.06.21"]
[EventType "swiss"]
[EventRounds "9"]
[EventCountry "BRA"]
[SourceTitle "CBM 209 Extra"]
[Source "ChessBase"]
[SourceDate "2022.09.30"]
[SourceVersion "1"]
[SourceVersionDate "2022.09.30"]
[SourceQuality "1"]

1. Nf3 Nf6 2. d4 g6 3. Bf4 Bg7 4. e3 d6 5. h3 0-0 6. Be2 Nc6 7. 0-0 Nd7 8. Bh2 e5 9. c4 e4 10. Nfd2 f5 11. Nc3 b6 12. Rb1 Nf6 13. b4 a5 14. a3 axb4 15. axb4 Bb7 16. Qb3 Kh8 17. Ra1 Qd7 18. Rfb1 Ne7 19. b5 Rxa1 20. Rxa1 Ra8 21. Rxa8+ Bxa8 22. Qa3 Qc8 23. Nb3 Nd7 24. Na2 Bb7 25. Nb4 Bf8 26. Na2 Qa8 27. Qxa8 Bxa8 28. Nb4 Nf6 29. Na6 Ne8 30. c5 Bd5 31. Nd2 Nc8 32. Nc4 Kg8 33. cxb6 cxb6 34. Nb8 Nf6 35. Na6 Kf7 36. Nb4 Bb7 37. g4 Ke6 38. gxf5+ gxf5 39. Na2 Nd5 40. f3 exf3 41. Bxf3 Na7 42. Nxb6 Nxb5 43. Nb4 Nbc3 44. N6xd5 Nxd5 45. Kf2 Bh6 46. Nxd5 Bxd5 47. Bxd5+ Kxd5 48. Kf3 Ke6 49. Bg3 Bg7 50. Bf4 Bf6 51. Bg3 d5 52. Bc7 Bg5 53. Be5 Bh4 54. Bc7 Be7 55. Bg3 Ba3 1/2-1/2

[Event "Pan American-ch Seniors 50"]
[Site "Florianopolis"]
[Date "2022.06.21"]
[Round "2"]
[White "Rodi, Luis Ernesto"]
[Black "Mobaier, Sergio"]
[Result "1-0"]
[WhiteElo "2351"]
[BlackElo "1806"]
[PlyCount "93"]
[EventDate "2022.06.21"]
[EventType "swiss"]
[EventRounds "9"]
[EventCountry "BRA"]
[SourceTitle "CBM 209 Extra"]
[Source "ChessBase"]
[SourceDate "2022.09.30"]
[SourceVersion "1"]
[SourceVersionDate "2022.09.30"]
[SourceQuality "1"]

1. e4 c5 2. Nc3 e6 3. Nf3 a6 4. g3 b5 5. Bg2 Bb7 6. d4 cxd4 7. Nxd4 Nf6 8. 0-0 b4 9. Na4 Bxe4 10. Bxe4 Nxe4 11. c4 bxc3 12. Re1 Nf6 13. Nxc3 Be7 14. Qf3 d5 15. Be3 0-0 16. Rac1 Qd7 17. Rc2 Qb7 18. Rec1 Nbd7 19. Na4 Rac8 20. Qe2 Rxc2 21. Qxc2 h6 22. a3 Ne5 23. Qc7 Qxc7 24. Rxc7 Bd6 25. Ra7 Nc4 26. Rxa6 Be5 27. Nc6 Bxb2 28. Nxb2 Nxb2 29. a4 Nc4 30. a5 e5 31. Ra7 d4 32. Bc1 d3 33. a6 d2 34. Bxd2 Nxd2 35. Rb7 Nf3+ 36. Kg2 Nd4 37. Nxd4 Ra8 38. a7 Nd7 39. Rxd7 exd4 40. Kf3 Kh7 41. Ke4 Kg6 42. Kxd4 Kf6 43. Kd5 g5 44. Kc6 Ke6 45. Rc7 f6 46. Kb7 Kd6 47. Rc6+ 1-0

[Event "Sao Paulo Hebraica op 28th"]
[Site "Sao Paulo"]
[Date "2022.01.15"]
[Round "4"]
[White "Casalaspro, Mathias Andre"]
[Black "Mobaier, Sergio"]
[Result "1/2-1/2"]
[WhiteElo "1436"]
[BlackElo "1860"]
[PlyCount "89"]
[EventDate "2022.01.14"]
[EventType "swiss"]
[EventRounds "6"]
[EventCountry "BRA"]
[SourceTitle "CBM 206 Extra"]
[Source "ChessBase"]
[SourceDate "2022.03.31"]
[SourceVersion "1"]
[SourceVersionDate "2022.03.31"]
[SourceQuality "1"]

1. e4 c5 2. Nf3 e6 3. d4 cxd4 4. Nxd4 a6 5. Nc3 Qc7 6. Be3 b5 7. a3 Bb7 8. Be2 Nf6 9. Bf3 Nc6 10. Qd2 Ne5 11. Bf4 d6 12. Bxe5 dxe5 13. Nb3 Be7 14. 0-0 0-0 15. Qe3 Rac8 16. Rfd1 Rfd8 17. h3 h6 18. Rac1 Qc6 19. Na5 Qc7 20. Nxb7 Qxb7 21. Rd2 b4 22. axb4 Qxb4 23. Rb1 Bc5 24. Qe2 Bd4 25. Qd1 Rd7 26. Rd3 Qb6 27. Kh1 Rcd8 28. Na4 Qa7 29. Qe2 Bxf2 30. Rbd1 Bg3 31. c4 Rd4 32. Qe3 Bf4 33. Qe2 Kf8 34. Nc3 Qc5 35. b3 Ke7 36. Qf2 Qb4 37. Na2 Qxb3 38. Rxb3 Rxd1+ 39. Bxd1 Rxd1+ 40. Qg1 Rxg1+ 41. Kxg1 Nxe4 42. Nb4 Nd2 43. Rc3 Ne4 44. Rb3 Nd2 45. Rc3 1/2-1/2

[Event "Pan American-ch U2000"]
[Site "Timbo"]
[Date "2021.12.02"]
[Round "4"]
[White "Mobaier, Sergio"]
[Black "Luz, Jhonatan Rodrigues"]
[Result "1/2-1/2"]
[WhiteElo "1804"]
[BlackElo "1937"]
[PlyCount "68"]
[EventDate "2021.12.01"]
[EventType "swiss"]
[EventRounds "9"]
[EventCountry "BRA"]
[SourceTitle "CBM 205 Extra"]
[Source "ChessBase"]
[SourceDate "2022.01.31"]
[SourceVersion "1"]
[SourceVersionDate "2022.01.31"]
[SourceQuality "1"]

1. Nf3 Nf6 2. d4 g6 3. Bf4 Bg7 4. e3 0-0 5. h3 d6 6. Be2 c5 7. c3 cxd4 8. exd4 b6 9. 0-0 Bb7 10. Nbd2 Nbd7 11. a4 Ne4 12. Nxe4 Bxe4 13. Qb3 Nf6 14. Rfe1 Qd7 15. Nd2 Bc6 16. Bf3 d5 17. Be5 e6 18. a5 Qb7 19. Qc2 Rfc8 20. Ra3 b5 21. b4 a6 22. Nb3 Qe7 23. Nc5 Nd7 24. Bxg7 Kxg7 25. Qe2 Nxc5 26. dxc5 Re8 27. Qd2 Rad8 28. Raa1 e5 29. g3 f5 30. Rad1 e4 31. Bg2 Qf6 32. Qd4 Re5 33. f4 Re7 34. Kf2 Kf7 1/2-1/2

[Event "Pan American-ch U2000"]
[Site "Timbo"]
[Date "2021.12.01"]
[Round "2"]
[White "Mobaier, Sergio"]
[Black "Soares, Gustavo Henrique"]
[Result "0-1"]
[WhiteElo "1804"]
[BlackElo "1910"]
[PlyCount "66"]
[EventDate "2021.12.01"]
[EventType "swiss"]
[EventRounds "9"]
[EventCountry "BRA"]
[SourceTitle "CBM 205 Extra"]
[Source "ChessBase"]
[SourceDate "2022.01.31"]
[SourceVersion "1"]
[SourceVersionDate "2022.01.31"]
[SourceQuality "1"]

1. Nf3 Nf6 2. d4 d5 3. g3 e6 4. Bg2 Be7 5. c4 0-0 6. Qc2 b6 7. 0-0 Bb7 8. Bf4 Nbd7 9. Nc3 a6 10. cxd5 exd5 11. Ne5 Re8 12. Rfd1 Nf8 13. Rac1 Ne6 14. Be3 Bd6 15. Qb3 Nxd4 16. Bxd4 Bxe5 17. Bxe5 Rxe5 18. e3 c5 19. Na4 Re6 20. Rd2 Qc7 21. Rcd1 Rd8 22. Nc3 c4 23. Qc2 Red6 24. Ne2 g6 25. Nf4 b5 26. Qc3 Qe7 27. Qb4 Qe5 28. Ne2 Bc8 29. Nd4 Bg4 30. Nf3 Qh5 31. Rd4 Bxf3 32. Rh4 Qxh4 33. gxh4 Bxd1 0-1

[Event "Sao Paulo Schutt Cup"]
[Site "Sao Paulo"]
[Date "2019.09.13"]
[Round "1"]
[White "Mobaier, Sergio"]
[Black "Borger, Daniel"]
[Result "1-0"]
[WhiteElo "1887"]
[BlackElo "1545"]
[PlyCount "126"]
[EventDate "2019.09.13"]
[EventType "swiss"]
[EventRounds "6"]
[EventCountry "BRA"]
[SourceTitle "EXT 2020"]
[Source "ChessBase"]
[SourceDate "2019.10.17"]
[SourceVersion "1"]
[SourceVersionDate "2019.10.17"]
[SourceQuality "1"]

1. d4 d5 2. Bf4 Nf6 3. e3 c5 4. c3 Nc6 5. Nd2 Bf5 6. Qb3 Qd7 7. Ngf3 c4 8. Qd1 e6 9. Nh4 Bd6 10. Nxf5 exf5 11. Qf3 Ne7 12. Bxd6 Qxd6 13. Qg3 Qb6 14. Rb1 0-0 15. Be2 Qa5 16. a3 Rfe8 17. 0-0 Nc6 18. Qg5 Ne4 19. Nxe4 fxe4 20. Rfe1 Qd8 21. Qg3 Re6 22. f3 Qe7 23. Qf2 Re8 24. fxe4 Rxe4 25. Bf3 Rxe3 26. Rxe3 Qxe3 27. Qxe3 Rxe3 28. Kf2 Re7 29. Bxd5 Na5 30. Rd1 g6 31. Bf3 Re6 32. h3 Rb6 33. Rd2 Nb3 34. Rc2 Rb5 35. Be2 Rf5+ 36. Ke3 Na5 37. Rd2 Rd5 38. Bf3 Rd6 39. Kf2 f5 40. Re2 Kf7 41. Re5 Nb3 42. Bd5+ Kf6 43. Bxc4 Nc1 44. Re1 b5 45. Bxb5 Rb6 46. Rxc1 Rxb5 47. b4 g5 48. c4 Rb7 49. Kf3 Re7 50. c5 f4 51. Rc3 Ke6 52. c6 Kd6 53. b5 h5 54. a4 Rc7 55. a5 Ke6 56. b6 axb6 57. axb6 Rc8 58. g3 fxg3 59. Kxg3 Kd6 60. Rc4 Ke6 61. Kf3 Rf8+ 62. Ke4 g4 63. hxg4 hxg4 1-0

[Event "Sao Paulo Karman Cup"]
[Site "Sao Paulo"]
[Date "2019.08.17"]
[Round "3"]
[White "Vieira, Alexandre Letizio"]
[Black "Mobaier, Sergio"]
[Result "0-1"]
[WhiteElo "1718"]
[BlackElo "1893"]
[PlyCount "88"]
[EventDate "2019.08.16"]
[EventType "swiss"]
[EventRounds "6"]
[EventCountry "BRA"]
[SourceTitle "EXT 2021"]
[Source "ChessBase"]
[SourceDate "2020.10.23"]
[SourceVersion "1"]
[SourceVersionDate "2020.10.23"]
[SourceQuality "1"]

1. f4 d5 2. Nf3 g6 3. g3 Bg7 4. Bg2 f5 5. 0-0 Nf6 6. d3 0-0 7. c3 e6 8. a4 a5 9. Na3 c6 10. Qc2 Na6 11. d4 Bd7 12. Ne5 Qe8 13. Bd2 Ne4 14. Bxe4 fxe4 15. b4 axb4 16. cxb4 Nc7 17. e3 Rc8 18. Qb3 Na8 19. Rac1 Nb6 20. a5 Na8 21. Nxd7 Qxd7 22. b5 cxb5 23. Qxb5 Qxb5 24. Nxb5 Rfd8 25. Rxc8 Rxc8 26. Rc1 Rxc1+ 27. Bxc1 Bf8 28. Bd2 Kf7 29. Kf2 Ke7 30. Ke2 Kd7 31. Na7 Kc7 32. Nb5+ Kb8 33. Kd1 Nc7 34. Nxc7 Kxc7 35. Kc2 Kc6 36. Kb3 Kb5 37. g4 Be7 38. g5 Bd6 39. a6 bxa6 40. Be1 Be7 41. Bc3 a5 42. Be1 a4+ 43. Kc2 Kc4 44. Bg3 Bb4 0-1

[Event "BRA-ch Amateur U2200"]
[Site "Sao Paulo"]
[Date "2019.06.22"]
[Round "6"]
[White "Pertuzatti, Daniel"]
[Black "Mobaier, Sergio"]
[Result "1-0"]
[WhiteElo "1935"]
[BlackElo "1918"]
[PlyCount "77"]
[EventDate "2019.06.20"]
[EventType "swiss"]
[EventRounds "7"]
[EventCountry "BRA"]
[SourceTitle "EXT 2020"]
[Source "ChessBase"]
[SourceDate "2019.10.17"]
[SourceVersion "1"]
[SourceVersionDate "2019.10.17"]
[SourceQuality "1"]

1. f4 d5 2. Nf3 Nf6 3. b3 b6 4. Bb2 Bb7 5. e3 Nbd7 6. Be2 g6 7. 0-0 Bg7 8. a4 0-0 9. Qe1 c5 10. Qh4 Qc7 11. f5 Rac8 12. fxg6 hxg6 13. Ng5 Rfe8 14. Bg4 Rcd8 15. Ne6 Qd6 16. Nxd8 Rxd8 17. Nc3 Nxg4 18. Qxg4 Nf6 19. Qg3 Qc6 20. Qf3 Rf8 21. Rab1 Qd7 22. d4 Qc6 23. Rbd1 cxd4 24. exd4 Ne4 25. Nxe4 dxe4 26. Qe2 f5 27. c4 e6 28. Qe3 Qd6 29. Qg3 f4 30. Qxg6 Rf6 31. Qg5 Kh7 32. d5 Rg6 33. Qh5+ Rh6 34. Qf7 Rg6 35. Rxf4 Qd8 36. Bxg7 Rxg7 37. Qxe6 Qg5 38. Qxe4+ Kg8 39. Rdf1 1-0

[Event "Sao Paulo STD Gansl op"]
[Site "Sao Paulo"]
[Date "2019.05.24"]
[Round "2"]
[White "Da Rosa, Henrique Jaze Simoe"]
[Black "Mobaier, Sergio"]
[Result "0-1"]
[WhiteElo "1673"]
[BlackElo "1937"]
[PlyCount "60"]
[EventDate "2019.05.24"]
[EventType "swiss"]
[EventRounds "6"]
[EventCountry "BRA"]
[SourceTitle "CBM 190 Extra"]
[Source "ChessBase"]
[SourceDate "2019.07.15"]
[SourceVersion "1"]
[SourceVersionDate "2019.07.15"]
[SourceQuality "1"]

1. Nf3 b6 2. g3 Bb7 3. Bg2 c5 4. c4 Nf6 5. 0-0 e6 6. b3 Be7 7. Bb2 0-0 8. Nc3 d6 9. d4 cxd4 10. Qxd4 a6 11. Rfe1 Qc7 12. e4 Nbd7 13. h3 Rfd8 14. Rad1 Rac8 15. Nd2 Ba8 16. Qe3 Rb8 17. Nf3 b5 18. cxb5 axb5 19. Nd4 b4 20. Nce2 Qa5 21. Nc1 d5 22. exd5 Nxd5 23. Qe2 N7f6 24. Ba1 Rbc8 25. Kh2 Qb6 26. Nd3 Nc3 27. Bxc3 Rxc3 28. Bxa8 Rxa8 29. Qf3 Rxa2 30. Nc1 Rxf3 0-1

[Event "Sao Paulo STD Gansl op"]
[Site "Sao Paulo"]
[Date "2019.05.24"]
[Round "1"]
[White "Mobaier, Sergio"]
[Black "Martins, Andre Giacomazzi"]
[Result "1-0"]
[WhiteElo "1937"]
[BlackElo "1513"]
[PlyCount "37"]
[EventDate "2019.05.24"]
[EventType "swiss"]
[EventRounds "6"]
[EventCountry "BRA"]
[SourceTitle "CBM 190 Extra"]
[Source "ChessBase"]
[SourceDate "2019.07.15"]
[SourceVersion "1"]
[SourceVersionDate "2019.07.15"]
[SourceQuality "1"]

1. d4 d5 2. Bf4 e6 3. e3 Nf6 4. Nd2 c5 5. c3 Nc6 6. Ngf3 cxd4 7. exd4 Bd6 8. Bg5 0-0 9. Bd3 e5 10. dxe5 Nxe5 11. Nxe5 Bxe5 12. Nf3 Bg4 13. h3 Bxf3 14. Qxf3 Qb6 15. 0-0 Qxb2 16. Qf5 Qxc3 17. Bxf6 g6 18. Bxe5 Qxa1 19. Qf6 1-0

[Event "Sao Paulo Haroldo Salles op"]
[Site "Sao Paulo"]
[Date "2019.05.11"]
[Round "5.7"]
[White "Mobaier, Sergio"]
[Black "Nunes dos Santos, Rafael"]
[Result "0-1"]
[WhiteElo "1937"]
[BlackElo "1352"]
[PlyCount "73"]
[EventDate "2019.05.09"]
[EventType "swiss"]
[EventRounds "6"]
[EventCountry "BRA"]
[SourceTitle "EXT 2022"]
[Source "ChessBase"]
[SourceDate "2021.10.06"]
[SourceVersion "1"]
[SourceVersionDate "2021.10.06"]
[SourceQuality "1"]

1. d4 c6 2. Bf4 h6 3. e3 g5 4. Bg3 Bg7 5. Bd3 Qb6 6. b3 h5 7. f3 h4 8. Bf2 d5 9. Nd2 Nf6 10. c4 Nbd7 11. Rc1 e5 12. Qc2 g4 13. Ne2 e4 14. fxe4 dxe4 15. Nxe4 Nxe4 16. Bxe4 Qb4+ 17. Qc3 Qxc3+ 18. Nxc3 Nf6 19. Bd3 Bd7 20. 0-0 0-0-0 21. e4 Rdg8 22. e5 Ne8 23. g3 hxg3 24. Bxg3 Bh6 25. Rc2 Be3+ 26. Bf2 Bxf2+ 27. Rfxf2 g3 28. Rg2 gxh2+ 29. Kh1 Rxg2 30. Rxg2 Rh3 31. Rd2 Bg4 32. Be4 Rxc3 33. Kxh2 Re3 34. Bd3 Nc7 35. Kg2 Ne6 36. Kf2 Rf3+ 37. Kg2 0-1

[Event "Paulista-ch"]
[Site "Sao Paulo"]
[Date "2018.11.10"]
[Round "3"]
[White "Borger, Daniel"]
[Black "Mobaier, Sergio"]
[Result "0-1"]
[WhiteElo "1645"]
[BlackElo "1927"]
[PlyCount "120"]
[EventDate "2018.11.09"]
[EventType "swiss"]
[EventRounds "6"]
[EventCountry "BRA"]
[SourceTitle "CBM 187 Extra"]
[Source "ChessBase"]
[SourceDate "2018.11.04"]
[SourceVersion "1"]
[SourceVersionDate "2018.11.04"]
[SourceQuality "1"]

1. e4 d5 2. exd5 Qxd5 3. Nc3 Qa5 4. d4 Nf6 5. Nf3 c6 6. Bc4 Bf5 7. Bd2 Qc7 8. Ne5 e6 9. g4 Bg6 10. h4 Be4 11. f3 Bd5 12. Nxd5 Nxd5 13. Qe2 Nd7 14. 0-0-0 Nxe5 15. dxe5 0-0-0 16. Qf2 Kb8 17. Rhe1 Be7 18. a3 h5 19. g5 g6 20. Ba2 Rd7 21. c4 Nb6 22. f4 Rhd8 23. Be3 Nc8 24. Rxd7 Qxd7 25. Qc2 Qd3 26. Qxd3 Rxd3 27. Kc2 Rd7 28. b4 b6 29. Bb3 Kb7 30. Kc3 a6 31. Rd1 Kc7 32. a4 Rxd1 33. Bxd1 a5 34. c5 Kb7 35. Kc4 Bd8 36. Bd2 Ne7 37. b5 Nd5 38. Bf3 bxc5 39. Kxc5 Be7+ 40. Kc4 Bd8 41. Be2 Bb6 42. Kb3 Ne7 43. Kc4 Kc7 44. Bf3 Nd5 45. Kb3 Kb7 46. Kc4 Kc7 47. Be2 Ne7 48. Kb3 Kb7 49. Kc3 Bf2 50. Kd3 Kb6 51. bxc6 Nxc6 52. Ke4 Bxh4 53. Bb5 Bf2 54. Bxc6 Kxc6 55. Bxa5 Bc5 56. Be1 Ba3 57. Bc3 Kc5 58. Kd3 Bb4 59. Bb2 Kd5 60. Bc1 Be1 0-1

[Event "Sao Paulo op-B U2050 7th"]
[Site "Sao Paulo"]
[Date "2018.03.30"]
[Round "2"]
[White "Mobaier, Sergio"]
[Black "Lacerda, Vinicius"]
[Result "0-1"]
[WhiteElo "1982"]
[BlackElo "1753"]
[PlyCount "96"]
[EventDate "2018.03.30"]
[EventType "swiss"]
[EventRounds "6"]
[EventCountry "BRA"]
[SourceTitle "EXT 2021"]
[Source "ChessBase"]
[SourceDate "2020.10.23"]
[SourceVersion "1"]
[SourceVersionDate "2020.10.23"]
[SourceQuality "1"]

1. d4 Nf6 2. Bf4 g6 3. e3 Bg7 4. Nf3 0-0 5. Be2 d6 6. h3 c5 7. c3 cxd4 8. exd4 Nc6 9. 0-0 e6 10. Nbd2 Re8 11. Nc4 Ne4 12. Bd3 d5 13. Nce5 f6 14. Nxc6 bxc6 15. Qe2 e5 16. dxe5 fxe5 17. Bh2 Nxc3 18. bxc3 e4 19. Nd4 exd3 20. Qxd3 Bd7 21. a4 Qg5 22. Bg3 Re4 23. Rab1 Rae8 24. Qa6 c5 25. Nf3 Qf6 26. Qxa7 Bxh3 27. Qxc5 Be6 28. Nd4 Bf7 29. a5 Qa6 30. Qb6 Ra8 31. Bc7 Qc4 32. Qb7 Ree8 33. Nc6 d4 34. cxd4 Bxd4 35. Nxd4 Qxd4 36. Bb6 Qc4 37. Rbd1 Rab8 38. Qc7 Qh4 39. Rd7 Qf6 40. Rfd1 Rbc8 41. Qd6 Qg5 42. Qd2 Qh4 43. Be3 h5 44. Bg5 Qa4 45. Bh6 Rc5 46. Qb2 Rce5 47. Qb6 Re1+ 48. Kh2 Qh4# 0-1

[Event "Sao Paulo Carnaval op"]
[Site "Sao Paulo"]
[Date "2018.02.13"]
[Round "7"]
[White "Carneiro, Vitor Roberto Castr"]
[Black "Mobaier, Sergio"]
[Result "1-0"]
[WhiteElo "2432"]
[BlackElo "1990"]
[PlyCount "63"]
[EventDate "2018.02.10"]
[EventType "swiss"]
[EventRounds "7"]
[EventCountry "BRA"]
[SourceTitle "CBM 183 Extra"]
[Source "ChessBase"]
[SourceDate "2018.04.19"]
[SourceVersion "1"]
[SourceVersionDate "2018.04.19"]
[SourceQuality "1"]

1. e4 d5 2. exd5 Qxd5 3. Nc3 Qa5 4. d4 Nf6 5. Nf3 c6 6. Ne5 Bf5 7. Bd3 Bxd3 8. Qxd3 e6 9. 0-0 Nbd7 10. Nxd7 Nxd7 11. Ne4 Nf6 12. Ng5 Be7 13. Bd2 Qc7 14. Rae1 0-0 15. Qh3 Bd6 16. Re4 h6 17. Rh4 e5 18. dxe5 Bxe5 19. Nf3 Rfe8 20. Nxe5 Qxe5 21. Bc3 Qe6 22. Qg3 Kh7 23. h3 Rad8 24. Re1 Qxa2 25. Bxf6 Rxe1+ 26. Kh2 Rg8 27. Qd3+ g6 28. Bg5 Qe6 29. Bxh6 Rh8 30. Bd2+ Kg8 31. Rxh8+ Kxh8 32. Qc3+ 1-0

[Event "Sao Paulo Carnaval op"]
[Site "Sao Paulo"]
[Date "2018.02.11"]
[Round "4"]
[White "Mobaier, Sergio"]
[Black "Barbosa, Rayssa A Ichimura G"]
[Result "1-0"]
[WhiteElo "1990"]
[BlackElo "1546"]
[PlyCount "87"]
[EventDate "2018.02.10"]
[EventType "swiss"]
[EventRounds "7"]
[EventCountry "BRA"]
[SourceTitle "CBM 183 Extra"]
[Source "ChessBase"]
[SourceDate "2018.04.19"]
[SourceVersion "1"]
[SourceVersionDate "2018.04.19"]
[SourceQuality "1"]

1. d4 d6 2. Bf4 Nf6 3. e3 Nbd7 4. Nf3 g6 5. Be2 Bg7 6. 0-0 0-0 7. h3 Re8 8. c4 c6 9. Nc3 Qc7 10. Qc2 e5 11. Bh2 h6 12. Rfe1 Qb6 13. Rad1 e4 14. Nd2 d5 15. cxd5 cxd5 16. Nb5 Nf8 17. Nc7 Bf5 18. Nxa8 Rxa8 19. Qb3 Qa5 20. Qxb7 Rc8 21. Qxc8 Bxc8 22. a3 Qb6 23. b4 Bf5 24. Rc1 N8h7 25. Rc3 Ng5 26. Rec1 Bd7 27. Nb3 Bf8 28. Be5 Nh5 29. Rc7 Ba4 30. Na5 f6 31. Bh2 Ne6 32. Rb7 Qd8 33. Rxa7 f5 34. Be5 Nhg7 35. Ba6 Qb6 36. Ra8 Bb5 37. Bc8 Ne8 38. Rb8 Qxb8 39. Bxe6+ Kh7 40. Bxb8 Ng7 41. Bxd5 g5 42. Be5 Ne8 43. Bc6 Bxc6 44. Rxc6 1-0